Word Ladder: Very Very Vocabulary Quiz Stats

 Plays Quiz Updated Jan 31, 2016

Challenge
Share
Tweet
Embed
Score 0/22 Timer 02:00
0 Plays Today
Hint 4-Letter Word % Correct
At no costFREE
98.1%
What dunes are made ofSAND
97.2%
To transmit or mailSEND
97.1%
A bad dancer has two left onesFEET
96.8%
Birch, fir, or baobab, e. g.TREE
96.5%
Something you sow to get a plantSEED
96.3%
Provide nourishmentFEED
96.1%
Of above average heightTALL
94.3%
Duct, electrical, or masking, e. g.TAPE
93.9%
Ridge on a guitar neckFRET
93.6%
A dead man can't tell oneTALE
92.1%
Hint 4-Letter Word % Correct
A shade of greenish-blueTEAL
91.1%
William who shot an apple off of his son's headTELL
90.4%
Red Sox, Seahawks, or Kings, e. g.TEAM
89.1%
A nickname for a grandmotherNANA
88.6%
California wine-growing countyNAPA
88%
A Spanish appetizerTAPA
87.7%
✵ Very, in French ✵✵TRÈS✵
86.1%
Quickly cook a steak's surfaceSEAR
84.7%
Line where two pieces are joinedSEAM
83.9%
✵ Very, in Swahili ✵✵SANA✵
83.6%
✵ Very, in German ✵✵SEHR✵
30.8%

Today's Daily Dose

You're not logged in!

Compare scores with friends on all Sporcle quizzes.
Join for Free
OR
Log In

You Might Also Like...

Show Comments

Extras

Top Quizzes Today


Score Distribution

Your Account Isn't Verified!

In order to create a playlist on Sporcle, you need to verify the email address you used during registration. Go to your Sporcle Settings to finish the process.

Report this User

Report this user for behavior that violates our Community Guidelines.

Details: